000 00645nam a22001937a 4500
003 koha_MIRAKIL
005 20231213100043.0
008 231213b |||||||| |||| 00| 0 ||| d
020 _b0-316-09997-X
040 _aTR-IsEVY
_btur
_cTR-IsEVY
082 _a004.67 POU/G
100 _aPoundstone, William.
245 0 _aGoogle'da çalışacak kadar akıllı mısınız?
_byeni ekonominin herhangi bir alanınnda iş bulmanız için cevabını bilmeniz gereken yanıltıcı sorular ve diğ
260 _bNTV Yayınları,
_c2014
300 _a352 p.
650 _aEmployee selection.
650 _aEmployment interviewing.
942 _2ddc
_cBK
999 _c13762
_d13762